Arms and daggers in the heart of Africa : (Record no. 32945)
[ view plain ]
| 000 -LEADER | |
|---|---|
| fixed length control field | 00595nam a22001931a 4500 |
| 003 - CONTROL NUMBER IDENTIFIER | |
| control field | NEGST |
| 005 - DATE AND TIME OF LATEST TRANSACTION | |
| control field | 20141202020003.0 |
| 008 - FIXED-LENGTH DATA ELEMENTS--GENERAL INFORMATION | |
| fixed length control field | 030611s1993 001 0 eng d |
| 020 ## - INTERNATIONAL STANDARD BOOK NUMBER | |
| International Standard Book Number | 9966831134 |
| 245 00 - TITLE STATEMENT | |
| Title | Arms and daggers in the heart of Africa : |
| Remainder of title | studies on internal conflicts / |
| Statement of responsibility, etc | ed. by P. Anyang' Nyong'o. |
| Medium | [Text] |
| 260 ## - PUBLICATION, DISTRIBUTION, ETC. (IMPRINT) | |
| Place of publication, distribution, etc | Nairobi |
| Name of publisher, distributor, etc | Academy Science Pub. |
| Date of publication, distribution, etc | 1993 |
| 300 ## - PHYSICAL DESCRIPTION | |
| Extent | vii, 364p. |
| 500 ## - GENERAL NOTE | |
| General note | Includes bibliography and index. |
| 590 ## - LOCAL NOTE (RLIN) | |
| Local note | Accession number: 18922 |
| 650 #0 - SUBJECT ADDED ENTRY--TOPICAL TERM | |
| Topical term or geographic name as entry element | Africa |
| General subdivision | History |
| -- | 1960- |
| 700 1# - ADDED ENTRY--PERSONAL NAME | |
| Personal name | Nyong'o, Peter Anyang' |
| 942 00 - ADDED ENTRY ELEMENTS (KOHA) | |
| Koha issues (borrowed), all copies | 1 |
| Withdrawn status | Lost status | Source of classification or shelving scheme | Damaged status | Not for loan | Collection code | Home library | Current library | Shelving location | Date acquired | Cost, normal purchase price | Total Checkouts | Full call number | Barcode | Date last seen | Date checked out | Copy number | Price effective from | Koha item type |
|---|---|---|---|---|---|---|---|---|---|---|---|---|---|---|---|---|---|---|
| Library of Congress Classification | General Circulation | AIU/NEGST - Tony Wilmot Memorial Library | AIU/NEGST - Tony Wilmot Memorial Library | General Stacks | 02/22/2010 | 37.00 | 5 | DT 30.5.A76 1996 | R08221L3232 | 11/18/2020 | 11/13/2019 | 1 | 02/22/2010 | Africana collection (General) |
